[Event "AUTO-ADV-2574"]
[Site "http://www.queenalice.com/game.php?id=1086456"]
[Date "2012.7.24"]
[Round "1"]
[White "helderpinto"]
[Black "jbumgarjr"]
[Result "0-1"]
[WhiteElo "1788"]
[BlackElo "1828"]

1. e4 Nc6 2. d4 d5 3. e5 Bf5 4. Bb5 a6 5. Ba4 b5 6. Bb3 Na5 7. Nf3 e6 8. Bg5 Be7
9. Bxe7 Nxe7 10. O-O O-O 11. c3 Nc4 12. Bxc4 bxc4 13. b3 Qc8 14. bxc4 dxc4 15.
Na3 Nd5 16. Nxc4 Nxc3 17. Qe1 Nd5 18. Qd2 Qb7 19. Na5 Qc8 20. Nc6 Qb7 21. Rfc1
f6 22. Nh4 Bg6 23. Nxg6 hxg6 24. Rab1 Qc8 25. Rc5 Kf7 26. exf6 gxf6 27. g3 Rh8
28. Qe2 Rh3 29. Qg4 Qh8 30. Rb8 Rxb8 31. Nxb8 Rxh2 32. Nxa6 Rh1+ 33. Kg2 Qh2+
34. Kf3 Rf1 35. Nxc7 Qh1+ 36. Ke2 Re1+ 37. Kd3 Rd1+ 38. Kc4 Rc1+ 39. Kb3 Rb1+
40. Ka3 Rb3+ 41. axb3 Qa1# 0-1

[Event "AUTO-ADV-2574"]
[Site "http://www.queenalice.com/game.php?id=1086457"]
[Date "2012.7.24"]
[Round "1"]
[White "jbumgarjr"]
[Black "helderpinto"]
[Result "1-0"]
[WhiteElo "1817"]
[BlackElo "1737"]

1. d4 d5 2. Nf3 Nf6 3. Bf4 Bg4 4. h3 Bh5 5. g4 Bg6 6. Ne5 Nfd7 7. Nxg6 hxg6 8.
Bg2 e6 9. Nc3 Bb4 10. O-O g5 11. Bg3 Bd6 12. Bxd6 cxd6 13. Nb5 Qb6 14. Qd3 a6
15. Nc3 Nc6 16. b3 Nb4 17. Qg3 Nxc2 18. Rac1 Nxd4 19. Qe3 Nb5 20. Nxb5 axb5 21.
Qxg5 Kf8 22. Rc2 f6 23. Qf4 Ke7 24. Rfc1 g5 25. Qd2 Ra3 26. Kf1 b4 27. Rc7 Rha8
28. R1c2 Rxa2 29. Kg1 Rxc2 30. Qxc2 Kd8 31. e3 Qxc7 32. Qh7 Ra1+ 33. Kh2 d4 34.
Qh8+ Ke7 35. Qg7+ Ke8 36. Qg6+ Kd8 37. Qg8+ Nf8 38. Qxf8+ Kd7 39. Qxf6 dxe3 40.
Qf7+ Kc8 41. Qe8+ Qd8 42. Qxe6+ Kb8 43. Qxe3 Qh8 44. Qxg5 Qe5+ 45. Qxe5 1-0

[Event "AUTO-ADV-2574"]
[Site "http://www.queenalice.com/game.php?id=1086458"]
[Date "2012.7.24"]
[Round "1"]
[White "helderpinto"]
[Black "Henderb"]
[Result "0-1"]
[WhiteElo "1765"]
[BlackElo "2001"]

1. e4 c5 2. Nf3 Nc6 3. d4 cxd4 4. Nxd4 e5 5. Nxc6 bxc6 6. c4 Bc5 7. g3 Qb6 8.
Qe2 Ne7 9. Be3 Bxe3 10. Qxe3 Qxb2 11. Qc3 Rb8 12. Qxb2 Rxb2 13. Bg2 Ba6 14. Na3
O-O 15. O-O Rfb8 16. Rfd1 R8b7 17. Bh3 Re2 18. Bxd7 g6 19. f3 Rbb2 20. Bh3 Rxh2
21. Bf1 Rxa2 22. c5 Bxf1 23. Rxf1 Rag2# 0-1

[Event "AUTO-ADV-2574"]
[Site "http://www.queenalice.com/game.php?id=1086459"]
[Date "2012.7.24"]
[Round "1"]
[White "Henderb"]
[Black "helderpinto"]
[Result "1-0"]
[WhiteElo "2028"]
[BlackElo "1749"]

1. Nf3 Nc6 2. c4 Nf6 3. d4 d6 4. d5 Na5 5. Qa4+ c6 6. Bd2 Qb6 7. b3 Ne4 8. Be3
Qc7 9. Nfd2 Bf5 10. Nxe4 Bxe4 11. Bd2 b6 12. Bxa5 bxa5 13. Nc3 Bg6 14. g3 Rb8
15. dxc6 Rb4 16. Nd5 Rxa4 17. Nxc7+ Kd8 18. bxa4 Kxc7 19. Bg2 e5 20. Bd5 Be7 21.
Kd2 Bg5+ 22. e3 Rb8 23. Kc3 Bf6 24. e4 Rb4 25. a3 Rb8 26. Rhb1 a6 27. Rxb8 Kxb8
28. Rb1+ Kc7 29. Rb7+ Kc8 30. Ra7 Be7 31. Rxe7 1-0

[Event "Challenge"]
[Site "http://www.queenalice.com/game.php?id=1087668"]
[Date "2012.7.28"]
[Round "-"]
[White "Oguh"]
[Black "helderpinto"]
[Result "0-1"]
[WhiteElo "1771"]
[BlackElo "1713"]

1. e4 e5 2. Bc4 Nf6 3. Qe2 g6 4. Nf3 Nc6 5. d3 Nd4 6. Nxd4 exd4 7. Bg5 h6 8.
Bxf6 Qxf6 9. a3 d6 10. Nd2 Bg7 11. O-O-O O-O 12. h3 Be6 13. Rhf1 Bxc4 14. Nxc4
b6 15. f4 Rfe8 16. f5 gxf5 17. Rxf5 Qxf5 18. Rf1 Qg5+ 19. Kd1 d5 20. Nd2 Re6 21.
g4 Rae8 22. Rf5 Qe3 23. Qf1 dxe4 24. Nxe4 c5 25. Rf3 Rxe4 26. Rxe3 Rxe3 27. Qf2
Re1+ 28. Qxe1 Rxe1+ 29. Kxe1 Kh7 30. Kf2 Be5 31. Kf3 Kg6 32. h4 f5 33. b3 fxg4+
34. Kxg4 h5+ 35. Kf3 Kf5 36. b4 cxb4 37. axb4 b5 38. Kg2 Bd6 39. Kf2 Bxb4 40.
Ke2 Kg4 41. Kf2 Kxh4 42. Kf3 a5 43. Ke4 Bc3 44. Kf5 a4 45. Kg6 a3 46. Kh6 a2 47.
Kg6 a1=Q 48. Kf5 Qe1 49. Kf4 Qe3+ 50. Kf5 Kg3 51. Kf6 h4 52. Kf5 h3 53. Kf6 h2
54. Kf5 h1=Q 0-1

[Event "Challenge"]
[Site "http://www.queenalice.com/game.php?id=1087671"]
[Date "2012.7.28"]
[Round "-"]
[White "helderpinto"]
[Black "Oguh"]
[Result "1-0"]
[WhiteElo "1769"]
[BlackElo "1836"]

1. e4 e5 2. Nf3 Nc6 3. Bb5 Nd4 4. Nxd4 exd4 5. c3 a6 6. Ba4 b5 7. Bb3 Qf6 8. O-O
c5 9. d3 Bb7 10. Re1 d6 11. Bd5 Bxd5 12. exd5+ Be7 13. c4 b4 14. Qa4+ Kf8 15.
Qc6 Re8 16. Qxa6 Qg6 17. Bf4 Rd8 18. Rd1 Qf6 19. g3 g5 20. Bc1 Qf3 21. Re1 Nf6
22. Nd2 Qxd3 23. a4 Kg7 24. Rxe7 Ng4 25. Nf1 Qf3 26. Bxg5 Qxf2+ 27. Kh1 Ne5 28.
Rxe5 dxe5 29. Qh6+ Kg8 30. Bxd8 Qf5 31. Bf6 Qg6 32. Qxg6+ hxg6 33. Bxh8 Kxh8 34.
d6 d3 35. d7 e4 36. d8=Q+ Kg7 37. a5 d2 38. Qxd2 f5 39. a6 Kf6 40. a7 Ke5 41.
Rd1 Kf6 42. a8=Q f4 43. Qxf4+ Ke7 44. Qd6+ Kf7 45. Qa7+ Kg8 46. Qd8# 1-0

[Event "Te prepara Barroso"]
[Site "http://www.queenalice.com/game.php?id=1087961"]
[Date "2012.7.28"]
[Round "-"]
[White "helderpinto"]
[Black "davidbarroso"]
[Result "1-0"]
[WhiteElo "1743"]
[BlackElo "2060"]

1. e4 e5 2. Nf3 Nc6 3. Bb5 f5 4. Nc3 Nf6 5. exf5 e4 6. Nh4 Nd4 7. O-O c6 8. Ba4
d5 9. d3 Nxf5 10. Nxf5 Bxf5 11. dxe4 dxe4 12. Qxd8+ Rxd8 13. Bg5 b5 14. Bb3 a5
15. a3 a4 16. Ba2 h6 17. Bxf6 gxf6 18. Rfe1 Rd4 19. Rad1 Rxd1 20. Rxd1 Bc5 21.
Re1 e3 22. fxe3 Bxc2 23. Kf2 f5 24. Ne2 Ke7 25. Rc1 Bb3 26. Bxb3 Bxa3 27. bxa3
axb3 28. Rb1 Ra8 29. Rxb3 Kd6 30. Nd4 Rf8 31. Rc3 f4 32. Rxc6+ Kd5 33. Rxh6 Kc4
34. Nc6 fxe3+ 35. Kxe3 Ra8 36. Ne5+ Kd5 37. Nd3 Rxa3 38. Rh5+ Kc4 39. Rh4+ Kc3
40. g3 Kc2 41. Rd4 Kc3 42. h4 Ra4 43. Nb4 Ra1 44. Nd5+ Kc2 45. Rb4 Ra5 46. Nc7
Kc3 47. Rxb5 Ra7 48. Rc5+ Kb4 49. Kd4 Ra1 50. Rb5+ Ka4 51. g4 Rg1 52. Rg5 Kb4
53. h5 Rd1+ 54. Ke5 Kc5 55. Ne6+ Kc6 56. h6 Kd7 57. Rg7+ Ke8 58. h7 Rd5+ 59. Kf6
Rf5+ 60. Kg6 Rf6+ 61. Kh5 Rh6+ 62. Kg5 Rh5+ 63. Kf4 Rf5+ 64. Ke4 Re5+ 65. Kd4
Re4+ 66. Kd5 Re5+ 67. Kc4 Rh5 68. Rg8+ Kf7 69. h8=Q 1-0

[Event "Jogo de volta"]
[Site "http://www.queenalice.com/game.php?id=1087967"]
[Date "2012.7.28"]
[Round "-"]
[White "davidbarroso"]
[Black "helderpinto"]
[Result "1-0"]
[WhiteElo "2136"]
[BlackElo "1816"]

1. e4 e5 2. d4 exd4 3. c3 dxc3 4. Bc4 cxb2 5. Bxb2 d5 6. Bxd5 Nf6 7. Bxf7+ Kxf7
8. Qxd8 Bb4+ 9. Qd2 Bxd2+ 10. Nxd2 Re8 11. e5 g5 12. Ngf3 Kg6 13. O-O Nd5 14.
Rac1 Bg4 15. Rc4 Bxf3 16. Nxf3 Nd7 17. Rg4 h6 18. h4 Kf5 19. Rd4 c6 20. g4+ Kg6
21. h5+ Kf7 22. Re1 Nc5 23. Rc4 Nd3 24. Re2 Nb6 25. Rd4 Nxb2 26. Rxb2 c5 27. Rd6
Rh8 28. a4 Nc4 29. Rxb7+ Ke8 30. Rc6 Na5 31. Re6+ Kd8 32. Rb5 Kd7 33. Rd6+ Ke7
34. Rxa5 1-0

[Event "AUTO-OPEN-2753"]
[Site "http://www.queenalice.com/game.php?id=1088719"]
[Date "2012.7.30"]
[Round "1"]
[White "helderpinto"]
[Black "jwb"]
[Result "0-1"]
[WhiteElo "1774"]
[BlackElo "1837"]

1. e4 e5 2. f4 Nc6 3. fxe5 Nxe5 4. d4 Qh4+ 5. Ke2 Qxe4+ 6. Be3 Ng4 7. Qd2 d5 8.
Nc3 Qxe3+ 9. Qxe3+ Nxe3 10. Kxe3 Bf5 11. Nxd5 O-O-O 12. c4 c5 13. Nf3 Nf6 14.
Nxf6 gxf6 15. d5 Bh6+ 16. Kf2 Rde8 17. Nh4 Bg6 18. Nxg6 fxg6 19. Be2 Be3+ 20.
Kf3 f5 21. d6 Kd7 22. Rad1 Bd4 23. Rhe1 b6 24. b3 Re3+ 25. Kf4 Rhe8 26. Rd2 Bc3
0-1

[Event "AUTO-OPEN-2753"]
[Site "http://www.queenalice.com/game.php?id=1088720"]
[Date "2012.7.30"]
[Round "1"]
[White "jwb"]
[Black "helderpinto"]
[Result "1-0"]
[WhiteElo "1838"]
[BlackElo "1724"]

1. d4 Nf6 2. Nf3 g6 3. Bf4 Bg7 4. e3 O-O 5. c4 Ne4 6. Bd3 d5 7. O-O c5 8. cxd5
Qxd5 9. Bxe4 Qxe4 10. Nc3 Qc6 11. d5 Qb6 12. d6 exd6 13. Qd2 Rd8 14. Nd5 Qxb2
15. Qxb2 Bxb2 16. Rab1 Be5 17. Nxe5 dxe5 18. Nf6+ Kg7 19. Bxe5 Nc6 20. Ba1 b6
21. Rfe1 Nb4 22. Nd5+ Kf8 23. Nc7 Rb8 24. e4 a6 25. Bf6 Rd7 26. Nd5 Nxd5 27.
exd5 Rxd5 28. Rbd1 Be6 29. Rb1 Rf5 30. Ba1 Bxa2 31. Rb2 Bd5 32. Rbe2 Be6 33. Rd2
Rd5 34. Rde2 Rbd8 35. f4 Rd1 36. Kf2 1-0

[Event "AUTO-OPEN-2753"]
[Site "http://www.queenalice.com/game.php?id=1088721"]
[Date "2012.7.30"]
[Round "1"]
[White "helderpinto"]
[Black "deltaboy"]
[Result "0-1"]
[WhiteElo "1771"]
[BlackElo "2373"]

1. e4 e5 2. Nf3 d6 3. d4 exd4 4. Nxd4 Nf6 5. Nc3 Be7 6. Be2 O-O 7. O-O b6 8. Bg5
Bb7 9. Bd3 Nbd7 10. Nf5 h6 11. Bh4 Ne5 12. f4 Ng6 13. e5 Nxh4 14. Nxh4 dxe5 15.
fxe5 Qd4+ 16. Rf2 Bc5 17. Qe2 Ng4 18. Nf5 Qxf2+ 19. Qxf2 Bxf2+ 20. Kf1 Bc5 21.
Ne4 Bxe4 22. Bxe4 Nxh2+ 23. Ke2 Rae8 24. Kd3 Rxe5 25. Rh1 Ng4 0-1

[Event "AUTO-OPEN-2753"]
[Site "http://www.queenalice.com/game.php?id=1088722"]
[Date "2012.7.30"]
[Round "1"]
[White "deltaboy"]
[Black "helderpinto"]
[Result "1-0"]
[WhiteElo "2335"]
[BlackElo "1784"]

1. e4 c5 2. Nf3 d6 3. d4 cxd4 4. Nxd4 Nf6 5. Bd3 e5 6. Nb3 Be7 7. O-O O-O 8. Nc3
d5 9. exd5 Bb4 10. f3 Bxc3 11. bxc3 Nxd5 12. Qe1 Nc6 13. Kh1 Re8 14. Bd2 Nf4 15.
Nc5 b6 16. Bb5 Qd5 17. Bxf4 Qxc5 18. a4 Bf5 19. Be3 Qd6 20. Rd1 Qg6 21. Rd2 Red8
22. Rff2 Na5 23. g4 Be6 24. Qd1 Qf6 25. Kg2 Nc4 26. Bxc4 Bxc4 27. Rd7 Be6 28.
Rxd8+ Rxd8 29. Rd2 1-0

[Event "AUTO-INT-2350"]
[Site "http://www.queenalice.com/game.php?id=1107757"]
[Date "2012.9.29"]
[Round "2"]
[White "helderpinto"]
[Black "saturnin"]
[Result "1-0"]
[WhiteElo "1760"]
[BlackElo "1633"]

1. e4 e5 2. Nf3 d6 3. Bc4 c6 4. d3 b5 5. Bb3 g6 6. Ng5 Bg7 7. Nxf7 Qf6 8. Nxh8
Be6 9. Bxe6 Qxe6 10. Nxg6 Qxg6 11. O-O c5 12. Re1 Nd7 13. Nc3 b4 14. Nd5 Rc8 15.
a3 h5 16. axb4 cxb4 17. Rxa7 Kd8 18. Bd2 Ne7 19. Nxe7 Kxe7 20. Bxb4 Rf8 21. Ra6
Rf6 22. d4 h4 23. h3 Kf7 24. dxe5 Nxe5 25. Qd5+ Re6 26. Ra7+ Kf6 27. Bc3 Kg5 28.
Qd2+ Kf6 29. Qf4+ Qf5 30. exf5 1-0

[Event "AUTO-INT-2350"]
[Site "http://www.queenalice.com/game.php?id=1107758"]
[Date "2012.9.29"]
[Round "2"]
[White "saturnin"]
[Black "helderpinto"]
[Result "0-1"]
[WhiteElo "1620"]
[BlackElo "1774"]

1. b4 d5 2. d4 e6 3. a3 Nf6 4. g3 a6 5. e3 g6 6. c4 Bg7 7. c5 O-O 8. Bg2 c6 9.
Nf3 Nbd7 10. Bb2 Re8 11. O-O Ne4 12. a4 b6 13. Nc3 e5 14. cxb6 Qxb6 15. Nxe4
dxe4 16. Nd2 f5 17. Qb3+ Kf8 18. a5 Qb5 19. Nc4 Qd5 20. Rfd1 exd4 21. Bxd4 Bxd4
22. Rxd4 Qe6 23. Rad1 Rb8 24. Rd6 Qf7 25. f3 Ne5 26. fxe4 Nxc4 27. R6d3 fxe4 28.
Rd4 Ne5 29. h3 Qxb3 30. Kf2 Nd3+ 31. R4xd3 exd3 32. Bxc6 Qc2+ 33. Ke1 Qe2# 0-1